AH International Schools' Libraries

Christian Schooling for Responsive Discipleship: A Vision With a Task (Record no. 48969)

MARC details
000 -LEADER
fixed length control field 00430nam a22001217a 4500
008 - FIXED-LENGTH DATA ELEMENTS--GENERAL INFORMATION
fixed length control field 250630b |||||||| |||| 00| 0 eng d
020 ## - INTERNATIONAL STANDARD BOOK NUMBER
International Standard Book Number 9780801083600
100 ## - MAIN ENTRY--PERSONAL NAME
Personal name Gloria Goris Stronks (Author), Doug Blomberg (Editor)
9 (RLIN) 86353
245 ## - TITLE STATEMENT
Title Christian Schooling for Responsive Discipleship: A Vision With a Task
260 ## - PUBLICATION, DISTRIBUTION, ETC. (IMPRINT)
Place of publication, distribution, etc United State
Name of publisher, distributor, etc Baker Pub Group
Date of publication, distribution, etc 1993
300 ## - PHYSICAL DESCRIPTION
Extent 326 p
Other physical details col. ill.
Dimensions 6.25 x 0.75 x 9 inches
942 ## - ADDED ENTRY ELEMENTS (KOHA)
Source of classification or shelving scheme
Holdings
Withdrawn status Lost status Source of classification or shelving scheme Damaged status Not for loan Collection code Home library Current library Date acquired Total Checkouts Full call number Barcode Date last seen Price effective from Koha item type
          Non-Fiction Asian Hope Siem Reap Asian Hope Siem Reap 06/30/2025   NFIC GLO 208230 06/30/2025 06/30/2025 Book

For any Logos Library related questions please contact Miss Art at swongnarasuk@asianhope.org.

For any Asian Hope Library related questions please contact Miss Raza at graza@asianhope.org.

Click here to explore our ebooks!

Powered by Koha